000 00929nam a2200289 4500
003 EG-GICUC
005 20260331120440.0
008 260331s1980 it ||fr|||| 000 0 eng d
020 _a0672818906
040 _aEG-GiCUC
_beng
_cEG-GiCUC
_dEG-GiCUC
_erda
041 0 _aeng
082 0 4 _221
_a341.48
_bMO . F
092 0 4 _221
099 _aLaw1 11 341.48 MO . F 1980
100 1 _aMoreillon, Jacques
_eAuthor.
245 1 4 _aThe Fundamental Principles of the Red Cross, Peace and Human Rights /
_cBy Jacques Moreillon.
264 1 _aRemo :
_bInternational Institute Of Humanitarian Law,
_c1980.
300 _a16 pages,
_c24 cm.
336 _2rda content
_atext
337 _2rda media
_aComputer
338 _2rda carrier
_aOnline Resource
546 _aText in English
650 1 4 _aPublic international law
856 4 0 _uhttps://fll.law.cu.edu.eg/fulltext/bks/B11-08894.pdf
905 _a48
942 _2ddc
_cBK
_e21
_n0
999 _c67782
_d67782